[Event "Africa-ch U16"]
[Site "Windhoek"]
[Date "2019.12.21"]
[Round "9.1"]
[White "Razanadrakotoarisoa, Toavina"]
[Black "Assem, Abderezzak"]
[Result "1-0"]
[WhiteElo "1983"]
[BlackElo "1661"]
[PlyCount "76"]
[EventDate "2019.12.16"]
[EventType "swiss"]
[EventRounds "9"]
[EventCountry "NAM"]
[SourceTitle "EXT 2024"]
[Source "ChessBase"]
[SourceDate "2023.10.10"]
[SourceVersion "1"]
[SourceVersionDate "2023.10.10"]
[SourceQuality "1"]

1. e4 Nc6 2. Nc3 e5 3. g3 d6 4. Bg2 Nd4 5. h3 g6 6. Nge2 Bg7 7. Nxd4 exd4 8. Ne2 Ne7 9. 0-0 0-0 10. d3 f5 11. f4 Kh8 12. c3 Nc6 13. Bd2 h5 14. cxd4 Nxd4 15. Bc3 Nxe2+ 16. Qxe2 c6 17. Qd2 Be6 18. g4 hxg4 19. hxg4 Qh4 20. exf5 gxf5 21. g5 Bxc3 22. Qxc3+ Kg8 23. Rae1 Rae8 24. Re3 Qh8 25. d4 Bf7 26. g6 Bxg6 27. Rg3 Qf6 28. Rff3 d5 29. Rxg6+ Qxg6 30. Rg3 Qxg3 31. Qxg3+ Kf7 32. Qg5 Ke6 33. Qg6+ Kd7 34. Kf2 Re7 35. Bh3 Kc7 36. Bg2 Rd7 37. Bh3 Re7 38. Bxf5 Ref7 1-0

[Event "Africa-ch U16"]
[Site "Windhoek"]
[Date "2019.12.19"]
[Round "5.1"]
[White "Assem, Abderezzak"]
[Black "Emanuel, Mutuna"]
[Result "0-1"]
[WhiteElo "1661"]
[BlackElo "1736"]
[PlyCount "64"]
[EventDate "2019.12.16"]
[EventType "swiss"]
[EventRounds "9"]
[EventCountry "NAM"]
[SourceTitle "EXT 2024"]
[Source "ChessBase"]
[SourceDate "2023.10.10"]
[SourceVersion "1"]
[SourceVersionDate "2023.10.10"]
[SourceQuality "1"]

1. Nf3 Nf6 2. g3 d5 3. Bg2 e6 4. 0-0 b6 5. d3 Bb7 6. c3 Bd6 7. Qc2 Nbd7 8. Bg5 h6 9. Bxf6 Nxf6 10. Nbd2 0-0 11. Rfe1 Bc5 12. a4 a5 13. h3 Qe7 14. Ne5 Bd6 15. d4 c5 16. Qb3 Qc7 17. f4 Rfc8 18. Qd1 cxd4 19. cxd4 Qc2 20. Nd3 Bb4 21. Nxb4 axb4 22. b3 Rc3 23. Qxc2 Rxc2 24. Red1 Rac8 25. a5 bxa5 26. Rxa5 Rc1 27. Rxc1 Rxc1+ 28. Kf2 Rc2 29. Ke3 Nh5 30. Bf3 Nxg3 31. Bg4 h5 32. Bf3 Nf5+ 0-1

[Event "Africa-ch U16"]
[Site "Windhoek"]
[Date "2019.12.19"]
[Round "6.4"]
[White "Mupetami, Steven"]
[Black "Assem, Abderezzak"]
[Result "0-1"]
[WhiteElo "1357"]
[BlackElo "1661"]
[PlyCount "28"]
[EventDate "2019.12.16"]
[EventType "swiss"]
[EventRounds "9"]
[EventCountry "NAM"]
[SourceTitle "EXT 2024"]
[Source "ChessBase"]
[SourceDate "2023.10.10"]
[SourceVersion "1"]
[SourceVersionDate "2023.10.10"]
[SourceQuality "1"]

1. e4 c5 2. Nf3 d6 3. d4 cxd4 4. Nxd4 Nf6 5. Nc3 a6 6. Be2 e5 7. Nb3 Be6 8. Be3 Be7 9. 0-0 Nbd7 10. Bf3 Rc8 11. h3 b5 12. a3 Qc7 13. Rc1 0-0 14. Qe2 Bc4 0-1

[Event "Africa-ch U16"]
[Site "Windhoek"]
[Date "2019.12.17"]
[Round "4.2"]
[White "Tamer, Mohamed"]
[Black "Assem, Abderezzak"]
[Result "1/2-1/2"]
[WhiteElo "1914"]
[BlackElo "1661"]
[PlyCount "127"]
[EventDate "2019.12.16"]
[EventType "swiss"]
[EventRounds "9"]
[EventCountry "NAM"]
[SourceTitle "EXT 2024"]
[Source "ChessBase"]
[SourceDate "2023.10.10"]
[SourceVersion "1"]
[SourceVersionDate "2023.10.10"]
[SourceQuality "1"]

1. Nf3 Nf6 2. g3 d5 3. Bg2 c6 4. 0-0 g6 5. d3 Bg7 6. Nbd2 0-0 7. e4 dxe4 8. dxe4 Bg4 9. h3 Bxf3 10. Qxf3 Nbd7 11. Nb3 Qc7 12. Bf4 e5 13. Be3 Rad8 14. Rad1 Nb6 15. Bg5 Qe7 16. Na5 Rb8 17. Qc3 h6 18. Be3 Nfd7 19. Nc4 Nxc4 20. Qxc4 a6 21. Qc3 Rfd8 22. Rd3 Nf8 23. Rfd1 Rxd3 24. Qxd3 b5 25. Qd6 Qe8 26. h4 Ne6 27. Qd7 Qxd7 28. Rxd7 Rd8 29. Ra7 Rd1+ 30. Kh2 Rb1 31. Rxa6 Rxb2 32. Rxc6 Rxa2 33. Bf1 Rb2 34. Bd3 Bf8 35. Rc8 Kg7 36. Rb8 Nc5 37. Bxc5 Bxc5 38. Kg2 b4 39. Rb7 Ra2 40. Rxf7+ Kxf7 41. Bc4+ Kf6 42. Bxa2 g5 43. h5 Bd4 44. Kf3 Ke7 45. Ke2 Kd6 46. f3 Bc3 47. Kf2 Bd4+ 48. Kg2 Be3 49. Kh3 Ke7 50. Kg2 Kd6 51. Bc4 Bd4 52. Kh3 Ke7 53. Kg4 Kf6 54. f4 exf4 55. gxf4 gxf4 56. Kxf4 Bc3 57. Ke3 Ke5 58. Bf7 Bd4+ 59. Kd3 Bc3 60. Bg6 Be1 61. Kc4 Bd2 62. Bf5 Be1 63. Kc5 Bd2 64. Kc4 1/2-1/2

[Event "Aktobe Dvorkovich Cup U16"]
[Site "Aktobe"]
[Date "2019.09.24"]
[Round "8.3"]
[White "Assem, Abderezzak"]
[Black "Malikov, Farid"]
[Result "1/2-1/2"]
[WhiteElo "1730"]
[BlackElo "1956"]
[PlyCount "170"]
[EventDate "2019.09.23"]
[EventType "team-tourn (rapid)"]
[EventRounds "9"]
[EventCountry "KAZ"]
[SourceTitle "EXT 2020"]
[Source "ChessBase"]
[SourceDate "2019.10.17"]
[SourceVersion "1"]
[SourceVersionDate "2019.10.17"]
[SourceQuality "1"]
[WhiteTeam "Algeria U16"]
[BlackTeam "Azerbaijan U16"]
[WhiteTeamCountry "ALG"]
[BlackTeamCountry "AZE"]

1. Nf3 Nf6 2. d4 e6 3. Bf4 Be7 4. e3 0-0 5. Bd3 b6 6. 0-0 Bb7 7. Nbd2 c5 8. c3 d6 9. Rc1 Nbd7 10. Qe2 Nh5 11. Bg3 Nxg3 12. hxg3 Re8 13. Rfd1 Qc7 14. e4 Bf6 15. Bb1 a6 16. Nf1 e5 17. d5 b5 18. Ne3 g6 19. Ng4 Bg7 20. Qe3 Bc8 21. Nh6+ Bxh6 22. Qxh6 Nf8 23. Kh2 f6 24. Qe3 a5 25. Bd3 Rb8 26. Rh1 c4 27. Be2 Qb6 28. Qxb6 Rxb6 29. Nd2 Nd7 30. a4 Ba6 31. axb5 Bxb5 32. Bxc4 Nc5 33. Bxb5 Rxb5 34. Nc4 Rd8 35. f3 Nb3 36. Rcd1 a4 37. Nd2 Nc5 38. Nc4 f5 39. exf5 gxf5 40. Rhe1 Kf7 41. Kg1 Ke7 42. Kf2 Nd7 43. Rh1 Nf6 44. Ra1 Ra8 45. b4 Rc8 46. Ne3 Rxc3 47. Nxf5+ Kd7 48. Rxa4 Rc2+ 49. Kg1 Rxd5 50. Rh6 Rd1+ 51. Kh2 Rcc1 52. g4 Rh1+ 53. Kg3 Rxh6 54. Nxh6 Rh1 55. Nf5 Ke6 56. Ra6 Ne8 57. Ra7 Kd5 58. Re7 Nf6 59. Rf7 Ng8 60. Rg7 Nh6 61. Nxh6 Rxh6 62. Rc7 Kd4 63. b5 Rh1 64. b6 h6 65. b7 Rb1 66. Kf2 d5 67. Ke2 e4 68. fxe4 Kxe4 69. Kd2 Rb6 70. Rh7 Kd4 71. Kc2 Rb4 72. Rc7 Rb6 73. Rh7 Ke3 74. Re7+ Kf4 75. Rd7 Kxg4 76. Rxd5 Rxb7 77. Kd1 Re7 78. Rd3 h5 79. Kd2 h4 80. Kd1 Kf4 81. Rf3+ Kg4 82. Rd3 Rh7 83. Ke1 h3 84. gxh3+ Rxh3 85. Rxh3 Kxh3 1/2-1/2

[Event "Aktobe Dvorkovich Cup U16"]
[Site "Aktobe"]
[Date "2019.09.23"]
[Round "1.4"]
[White "Assem, Abderezzak"]
[Black "Ramezani, Mahan"]
[Result "1-0"]
[WhiteElo "1730"]
[BlackElo "2080"]
[PlyCount "122"]
[EventDate "2019.09.23"]
[EventType "team-tourn (rapid)"]
[EventRounds "9"]
[EventCountry "KAZ"]
[SourceTitle "EXT 2020"]
[Source "ChessBase"]
[SourceDate "2019.10.17"]
[SourceVersion "1"]
[SourceVersionDate "2019.10.17"]
[SourceQuality "1"]
[WhiteTeam "Algeria U16"]
[BlackTeam "Iran U16"]
[WhiteTeamCountry "ALG"]
[BlackTeamCountry "IRI"]

1. e4 e6 2. d4 d5 3. exd5 exd5 4. Bd3 Nc6 5. c3 Bd6 6. Nf3 Bg4 7. h3 Bh5 8. Be3 Nge7 9. Nbd2 Qd7 10. Qc2 0-0-0 11. 0-0-0 Bg6 12. Nh4 Bxd3 13. Qxd3 h5 14. Rde1 Rde8 15. f4 g6 16. Ndf3 Nf5 17. Nxf5 gxf5 18. Ne5 Bxe5 19. fxe5 Rhg8 20. Rhg1 Qe6 21. Ref1 f6 22. Qxf5 fxe5 23. dxe5 Nxe5 24. Bd4 Nc4 25. Qxe6+ Rxe6 26. Rf2 Nd6 27. Kc2 Reg6 28. Re2 Ne4 29. Be5 c6 30. Kd3 Kd7 31. Bd4 Rg3+ 32. Kc2 b6 33. Kb3 Ke6 34. Kc2 Rc8 35. Bf2 Rg6 36. Bd4 Rcg8 37. Kb3 Kd6 38. Kc2 h4 39. Kb3 c5 40. Be3 Ke5 41. Bf2 Rh6 42. g4 hxg3 43. Rxg3 Rxg3 44. Bxg3+ Kf5 45. Bb8 a6 46. Re3 d4 47. cxd4 cxd4 48. Rf3+ Ke6 49. Rf4 Nc5+ 50. Kc4 d3 51. h4 d2 52. Rf1 Rxh4+ 53. Kc3 Ne4+ 54. Kc2 Kd5 55. Bf4 Kd4 56. Bxd2 Rh2 57. Rd1 b5 58. Kc1 Kc4 59. Be3 Ng3 60. Rd4+ Kc5 61. Rh4+ Kd5 1-0

[Event "Aktobe Dvorkovich Cup U16"]
[Site "Aktobe"]
[Date "2019.09.23"]
[Round "2.2"]
[White "Huang, Renjie"]
[Black "Assem, Abderezzak"]
[Result "1/2-1/2"]
[WhiteElo "2416"]
[BlackElo "1730"]
[PlyCount "79"]
[EventDate "2019.09.23"]
[EventType "team-tourn (rapid)"]
[EventRounds "9"]
[EventCountry "KAZ"]
[SourceTitle "EXT 2020"]
[Source "ChessBase"]
[SourceDate "2019.10.17"]
[SourceVersion "1"]
[SourceVersionDate "2019.10.17"]
[SourceQuality "1"]
[WhiteTeam "China U16"]
[BlackTeam "Algeria U16"]
[WhiteTeamCountry "CHN"]
[BlackTeamCountry "ALG"]

1. e4 c5 2. Nf3 d6 3. d4 cxd4 4. Nxd4 Nf6 5. Nc3 a6 6. Bc4 e6 7. 0-0 Be7 8. Qf3 Qc7 9. Be2 Nc6 10. Nxc6 bxc6 11. Qg3 0-0 12. Bh6 Ne8 13. Rad1 e5 14. Na4 Rb8 15. c4 Kh8 16. Bc1 f5 17. Nc3 f4 18. Qd3 Nf6 19. b3 Be6 20. Ba3 Rbd8 21. Qc2 a5 22. f3 d5 23. Bxe7 Qxe7 24. Kh1 d4 25. Na4 Nh5 26. Kg1 Qh4 27. Nc5 Bc8 28. Qd2 Rd6 29. Nd3 Re8 30. Rf2 Rh6 31. h3 Ng3 32. Bf1 Qg5 33. Nxf4 exf4 34. Qxd4 Rxh3 35. Rfd2 Rh1+ 36. Kf2 Qh4 37. Qd8 Nxf1+ 38. Qxh4 Rxh4 39. Rd8 Rg8 40. Kxf1 1/2-1/2

[Event "Aktobe Dvorkovich Cup U16"]
[Site "Aktobe"]
[Date "2019.09.23"]
[Round "5.5"]
[White "Lazavik, Denis"]
[Black "Assem, Abderezzak"]
[Result "1-0"]
[WhiteElo "2368"]
[BlackElo "1730"]
[PlyCount "91"]
[EventDate "2019.09.23"]
[EventType "team-tourn (rapid)"]
[EventRounds "9"]
[EventCountry "KAZ"]
[SourceTitle "EXT 2020"]
[Source "ChessBase"]
[SourceDate "2019.10.17"]
[SourceVersion "1"]
[SourceVersionDate "2019.10.17"]
[SourceQuality "1"]
[WhiteTeam "Belarus U16"]
[BlackTeam "Algeria U16"]
[WhiteTeamCountry "BLR"]
[BlackTeamCountry "ALG"]

1. d4 Nf6 2. c4 c5 3. d5 b5 4. cxb5 a6 5. bxa6 d6 6. Nc3 Bxa6 7. g3 g6 8. Bg2 Bg7 9. Nf3 Nbd7 10. Rb1 0-0 11. 0-0 Qa5 12. Bd2 Rfb8 13. Qc2 Qc7 14. b3 Nb6 15. Nh4 Nfd7 16. Rfd1 Qa7 17. a4 Ne5 18. h3 f5 19. Kh2 Nbd7 20. f4 Nf7 21. e4 fxe4 22. Nxe4 Nf6 23. Nc3 Nh6 24. Bf3 Nf7 25. Be3 Qd7 26. Re1 Bc8 27. Bg2 Nh6 28. Bg1 Rb7 29. Nf3 Rab8 30. Ng5 Qd8 31. Ne6 Bxe6 32. dxe6 Rb4 33. Na2 R4b6 34. b4 Ra6 35. b5 Ra5 36. Nc3 Qc8 37. g4 Ne8 38. Nd5 Qd8 39. b6 Kh8 40. b7 Nc7 41. Nb6 Qf8 42. Be3 Bd4 43. Nd7 Qd8 44. Bxd4+ cxd4 45. Nxb8 Qxb8 46. Qxc7 1-0

[Event "ALG-ch U20"]
[Site "Tiaret"]
[Date "2019.06.28"]
[Round "5"]
[White "Brahami, Lamine"]
[Black "Assem, Abderezzak"]
[Result "1-0"]
[WhiteElo "2045"]
[BlackElo "1754"]
[PlyCount "129"]
[EventDate "2019.06.26"]
[EventType "swiss"]
[EventRounds "9"]
[EventCountry "ALG"]
[SourceTitle "EXT 2020"]
[Source "ChessBase"]
[SourceDate "2019.10.17"]
[SourceVersion "1"]
[SourceVersionDate "2019.10.17"]
[SourceQuality "1"]

1. d4 Nf6 2. c4 c5 3. e3 cxd4 4. exd4 g6 5. Nf3 Bg7 6. Be2 0-0 7. 0-0 d5 8. Nc3 Nc6 9. h3 a6 10. Bf4 dxc4 11. Bxc4 b5 12. Be2 Nd5 13. Bg3 Bb7 14. Ne4 Qb6 15. Nc5 Rfd8 16. Nb3 Rac8 17. Qd2 a5 18. Rfd1 a4 19. Nc5 Ba8 20. Rac1 e6 21. Qd3 Ndb4 22. Qxb5 Qxb5 23. Bxb5 Nxd4 24. Nxd4 Bxd4 25. Nxa4 Rxc1 26. Rxc1 Nxa2 27. Rc4 Bf6 28. Nb6 Rd1+ 29. Kh2 Bd5 30. Rc7 Bb3 31. Bc4 Bxc4 32. Rxc4 Rd2 33. b4 Kg7 34. Na4 Rd5 35. Bf4 h5 36. Kg3 Be7 37. Rc7 Bxb4 38. Rc2 g5 39. Bc7 Rd2 40. Be5+ Kg6 41. Rc8 Bd6 42. Bxd6 Rxd6 43. Nc5 Kg7 44. Rc7 Nb4 45. h4 gxh4+ 46. Kxh4 Kg6 47. Nd7 Nd5 48. Rb7 Nf6 49. Ne5+ Kf5 50. Nxf7 Rd1 51. Rb3 Rd4+ 52. Kh3 Ne4 53. Rf3+ Kg6 54. Ne5+ Kg7 55. Rf7+ Kg8 56. f4 Rd1 57. Kh2 Rf1 58. g3 Re1 59. Re7 Re2+ 60. Kh3 Re3 61. Rxe6 Rxg3+ 62. Kh4 Rg7 63. Ng6 Kf7 64. f5 Nf6 65. Ne5+ 1-0

[Event "ALG-ch U20"]
[Site "Tiaret"]
[Date "2019.06.28"]
[Round "7"]
[White "Kacem, Abdelkader"]
[Black "Assem, Abderezzak"]
[Result "1/2-1/2"]
[WhiteElo "1482"]
[BlackElo "1754"]
[PlyCount "41"]
[EventDate "2019.06.26"]
[EventType "swiss"]
[EventRounds "9"]
[EventCountry "ALG"]
[SourceTitle "EXT 2020"]
[Source "ChessBase"]
[SourceDate "2019.10.17"]
[SourceVersion "1"]
[SourceVersionDate "2019.10.17"]
[SourceQuality "1"]

1. e4 Nc6 2. d4 e5 3. Nf3 exd4 4. Bc4 Bc5 5. 0-0 d6 6. c3 Qf6 7. Bg5 Qg6 8. cxd4 Nxd4 9. Nxd4 Bxd4 10. Qxd4 Qxg5 11. Qc3 Ne7 12. f4 Qc5+ 13. Kh1 0-0 14. b4 Qc6 15. b5 Qc5 16. Qb3 c6 17. Nc3 Ng6 18. Rac1 Qe3 19. Rce1 Qc5 20. Rc1 Qe3 21. Rce1 1/2-1/2

[Event "ALG-ch U20"]
[Site "Tiaret"]
[Date "2019.06.26"]
[Round "1"]
[White "Zidi, Sohaib"]
[Black "Assem, Abderezzak"]
[Result "0-1"]
[WhiteElo "1304"]
[BlackElo "1754"]
[PlyCount "55"]
[EventDate "2019.06.26"]
[EventType "swiss"]
[EventRounds "9"]
[EventCountry "ALG"]
[SourceTitle "EXT 2020"]
[Source "ChessBase"]
[SourceDate "2019.10.17"]
[SourceVersion "1"]
[SourceVersionDate "2019.10.17"]
[SourceQuality "1"]

1. e4 Nc6 2. Nf3 f5 3. exf5 d5 4. d4 Bxf5 5. Bb5 Qd6 6. 0-0 Nf6 7. Be3 e6 8. c3 Be7 9. h3 0-0 10. Bd3 Ne4 11. Bc2 Rad8 12. Nbd2 Nxd2 13. Qxd2 Bxh3 14. Bxh7+ Kxh7 15. Ng5+ Bxg5 16. Bxg5 Rd7 17. gxh3 Rf3 18. Kg2 Rdf7 19. Rae1 e5 20. Re3 e4 21. h4 Qe6 22. Rxf3 Rxf3 23. Rh1 Qg4+ 24. Kf1 Rd3 25. Qc2 Rd1+ 26. Qxd1 Qxd1+ 27. Kg2 Qf3+ 28. Kg1 0-1

[Event "ALG-ch sf"]
[Site "Oran"]
[Date "2018.05.03"]
[Round "5"]
[White "Assem, Abderezzak"]
[Black "Djeddi, Mohamed"]
[Result "1-0"]
[WhiteElo "1588"]
[BlackElo "1896"]
[PlyCount "61"]
[EventDate "2018.05.01"]
[EventType "swiss"]
[EventRounds "9"]
[EventCountry "ALG"]
[SourceTitle "CBM 184 Extra"]
[Source "ChessBase"]
[SourceDate "2018.06.28"]
[SourceVersion "1"]
[SourceVersionDate "2018.06.28"]
[SourceQuality "1"]

1. e4 d6 2. d4 Nf6 3. Nc3 Nbd7 4. Nf3 e5 5. Bc4 Be7 6. 0-0 0-0 7. Bb3 c6 8. a4 a5 9. h3 Qc7 10. Re1 h6 11. Be3 Re8 12. Qd2 Nf8 13. Rad1 Be6 14. d5 cxd5 15. exd5 Bd7 16. Nxe5 dxe5 17. d6 Bxd6 18. Qxd6 Qxd6 19. Rxd6 Be6 20. Bxe6 Rxe6 21. Red1 Rxd6 22. Rxd6 Ne6 23. Rb6 Rb8 24. Rb5 Nd4 25. Rxa5 Nxc2 26. Rxe5 Nxe3 27. Rxe3 Re8 28. Rd3 Re1+ 29. Kh2 Ne4 30. Rd8+ Kh7 31. Re8 1-0

[Event "ALG-ch sf"]
[Site "Oran"]
[Date "2018.05.02"]
[Round "3"]
[White "Assem, Abderezzak"]
[Black "Ouaret, Abdelouhab"]
[Result "1-0"]
[WhiteElo "1588"]
[BlackElo "2177"]
[PlyCount "39"]
[EventDate "2018.05.01"]
[EventType "swiss"]
[EventRounds "9"]
[EventCountry "ALG"]
[SourceTitle "CBM 184 Extra"]
[Source "ChessBase"]
[SourceDate "2018.06.28"]
[SourceVersion "1"]
[SourceVersionDate "2018.06.28"]
[SourceQuality "1"]

1. e4 e5 2. Nf3 Nc6 3. Bb5 a6 4. Ba4 Nf6 5. 0-0 b5 6. Bb3 Bc5 7. Re1 d6 8. h3 0-0 9. c3 Bb6 10. d3 Ne7 11. Nbd2 Ng6 12. Nf1 Be6 13. Ng3 h6 14. Be3 Qc8 15. Qd2 Bxh3 16. Bxh6 gxh6 17. Qxh6 Be6 18. Bxe6 Qxe6 19. Nf5 Bxf2+ 20. Kf1 1-0

[Event "Arab-ch U14"]
[Site "Djerba"]
[Date "2016.07.24"]
[Round "2.3"]
[White "Zouari, Mohanned"]
[Black "Assem, Abderezzak"]
[Result "1/2-1/2"]
[WhiteElo "1521"]
[BlackElo "1726"]
[PlyCount "86"]
[EventDate "2016.07.23"]
[EventType "swiss"]
[EventRounds "9"]
[EventCountry "TUN"]
[SourceTitle "EXT 2024"]
[Source "ChessBase"]
[SourceDate "2023.10.10"]
[SourceVersion "1"]
[SourceVersionDate "2023.10.10"]
[SourceQuality "1"]

1. e4 e6 2. d4 d5 3. exd5 exd5 4. Nf3 Bd6 5. Bd3 Ne7 6. Nc3 c6 7. 0-0 0-0 8. Bg5 f6 9. Bd2 Bf5 10. Bxf5 Nxf5 11. Ne2 Qc7 12. Ng3 Nxg3 13. hxg3 Re8 14. Re1 Na6 15. Re2 Qd7 16. Be3 Re4 17. Qd2 Rae8 18. Rae1 Nc7 19. Qd3 b5 20. Bd2 Rxe2 21. Rxe2 Rxe2 22. Qxe2 Qe6 23. Qxe6+ Nxe6 24. c3 Kf7 25. Kf1 Nf8 26. Bf4 Bxf4 27. gxf4 Ng6 28. g3 Ke6 29. Ke2 h5 30. Ke3 Ne7 31. Ne1 Nf5+ 32. Kf3 Nd6 33. Nd3 Nc4 34. Nc5+ Ke7 35. b3 Nd6 36. Ke2 g5 37. fxg5 fxg5 38. Kf3 Nf7 39. Ke3 Kf6 40. Nd7+ Kf5 41. Nb8 Nd8 42. Nd7 Nf7 43. Nb8 Nd8 1/2-1/2